Organic chemistry with biological applications / John McMurry, Cornell University. (Record no. 21552)
| 000 -LEADER | |
|---|---|
| fixed length control field | 00566nam a22001817a 4500 |
| 020 ## - INTERNATIONAL STANDARD BOOK NUMBER | |
| ISBN | 9781285842912 |
| 020 ## - INTERNATIONAL STANDARD BOOK NUMBER | |
| ISBN | 128584291X |
| 082 ## - DEWEY DECIMAL CLASSIFICATION NUMBER | |
| Classification number | 547 |
| Item number | M1686 2015 |
| 100 ## - MAIN ENTRY--AUTHOR NAME | |
| Personal name | McMurry, John, author. |
| 245 ## - TITLE STATEMENT | |
| Title | Organic chemistry with biological applications / John McMurry, Cornell University. |
| 250 ## - EDITION STATEMENT | |
| Edition statement | Third edition. |
| 260 ## - PUBLICATION, DISTRIBUTION, ETC. (IMPRINT) | |
| Place of publication | Stamford, CT : |
| Name of publisher | Cengage Learning, |
| Year of publication | ©2015. |
| 300 ## - PHYSICAL DESCRIPTION | |
| Number of Pages | xxiii, 876, A-61, I-31 pages : |
| Other physical details | color illustrations ; 25 cm. |
| 500 ## - GENERAL NOTE | |
| General note | Includes index. |
| 650 ## - SUBJECT ADDED ENTRY--TOPICAL TERM | |
| Topical Term | Biochemistry. |
| 650 ## - SUBJECT ADDED ENTRY--TOPICAL TERM | |
| Topical Term | Chemistry, Organic. |
| 942 ## - ADDED ENTRY ELEMENTS (KOHA) | |
| Koha item type | Books |
| Source of acquisition | Permanent Location | Date acquired | Koha item type | Collection code | Accession Number | Lost status | Shelving location | Withdrawn status | Current Location | Full call number |
|---|---|---|---|---|---|---|---|---|---|---|
| School | Cagayan State University - Carig Library | 2025-11-28 | Books | Medicine | M002824 | Medical Library | Cagayan State University - Carig Library | 547 M1686 2015 |